000 01227nam a2200277 a 4500
001 000030908
003 DO-SdBNP
005 20220909081756.0
008 081209s2001 dr 001 0 spa d
020 _a999342921X
040 _aDO-SdBNP
_bspa
_cBPMSU
082 _a070.4
_bC697c, 2001
_222
100 1 _aCollado, Lipe,
_d1947-
245 1 0 _aCurso de periodismo /
_cLipe Collado.
250 _a6ª ed.
260 _aSanto Domingo :
_bCollado,
_c2001.
300 _a212 p. :
_bil. ;
_c22 cm.
504 _aBibliografía: p. 211-212
505 0 _gIntroducción --
_tAntes de comenzar --
_tLa noticia --
_tTécnica de redacción --
_tCaracterísticas de la noticia --
_tLas fuentes noticiosas --
_tLa técnica de la entrevista --
_tPárrafos cortos --
_tLa noticia en suspenso --
_tPeriodismo de profundidad --
_tNoticia social --
_tNoticia deportiva --
_tFotoperiodismo --
_tCorrector de estilo --
_tRecomendaciones de estilo --
_tEl artículo --
_tLa noticia curiosa y jocosa --
_tPunto final: recomendaciones al cierre.
590 _aInventariado,2022/VM
650 4 _aPeriodismo
_x Enseñanza.
650 4 _aComunicación oral.
650 4 _aPeriodismo
_xEnseñanza superior.
910 _aVMateo V. /Validado
942 _2ddc
_cBK
999 _c14252
_d14252